000 00543nam a22001937a 4500
005 20251108164755.0
008 250721s1998 xx 000 0 ara d
082 1 4 _a811.9565/ناص
100 1 _aناصر، أمجد
245 1 0 _aرعاة العزلة :
_bشعر /
264 1 _aعمان :
_bدار أزمنة للنشر،
_c1998.
300 _a156ص.
490 0 _aأبداعات عربية
650 1 7 _aالشعر العربي
650 1 7 _aالأردن
650 1 7 _aالعصر الحديث
942 _2ddc
_cBK
999 _c14005
_d14005